000 00450nam a2200181Ia 4500
001 3886
005 20260306145716.0
008 260306t2001||||xx |||||||||||||| ||spa||
041 _aESP
082 _a305.26
_bCH527
100 _aChato de los Bueys, Modesto
_eAUT
245 0 _aLa tercera etapa:
_bel pensamiento de Noel Rey
260 _c2001
300 _a319 páginas :
_c24 cm.
650 _aGEN
654 _aCHU
942 _cLIB
_dJUS
_fJUS
_2ddc
_n
999 _c3886
_d3886